Country by Tennis Player Quiz - Statistics

General Stats
  • This quiz has been taken 54 times
  • The average score is 14 of 16
Answer Stats
Tennis Player Country % Correct
Richard Gasquet France
98%
Roger Federer Switzerland
98%
Naomi Osaka Japan
96%
Novak Djokovic Serbia
96%
Andre Agassi United States
96%
Andy Murray United Kingdom
94%
Juan Martin del Potro Argentina
90%
Steffi Graf Germany
90%
Bjorn Borg Sweden
90%
Rod Laver Australia
85%
Dominic Thiem Austria
83%
Grigor Dimitrov Bulgaria
77%
Justine Henin Belgium
75%
Caroline Wozniacki Denmark
75%
Victoria Azarenka Belarus
65%
Marcos Baghdatis Cyprus
52%
No matching quizzes found
Score Distribution
Percent of People with Each Score
Percentile by Number Answered
Your Score History
You have not taken this quiz